000 00733nam a2200241Ia 4500
003 OSt
005 20221005113508.0
006 a|||||r|||| 00| 0
007 ta
008 221004b |||||||| |||| 00| 0 pan d
020 _c150
024 _a26863
037 _b979, 16/12/2015, H.K. Prakashan
_cTextual
040 _aCRL
_cCRL
_bpan
041 _2pan
_apan
082 _aU8.41, 153P2
100 _aਵਨੀਤਾ
245 0 _aਮੇਰੀ ਚੀਨ ਯਾਤਰਾ
260 _aਲੁਧਿਆਣਾ
_bਲਾਹੌਰ ਬੁੱਕ ਭਾਰਤ
_c2002
300 _a102ਪੰ
_ccm.
942 _hU8.41, 153P2
_cTEXL
_2cc
999 _c1028371
_d1028371